书目信息 |
| 题名: |
集合与数
|
|
| 作者: | 北京教育学院师范教研室 编 | |
| 分册: | ||
| 出版信息: | 北京 北京出版社 1982 |
|
| 页数: | 162页 | |
| 开本: | 19cm | |
| 丛书名: | ||
| 单 册: | ||
| 中图分类: | O144 , G633.6 | |
| 科图分类: | ||
| 主题词: | 集论 , 数 , 教育--各级 | |
| 电子资源: | ||
| ISBN: | ||
| 000 | 00747nam0 2200289 45 | |
| 001 | 0182000670 | |
| 005 | 20040701154946.3 | |
| 010 | @dCNY0.37 | |
| 091 | @a7071.586 | |
| 100 | @a19950428d1982 em y0chiy0121 ea | |
| 101 | 0 | @achi |
| 102 | @aCN@b110000 | |
| 105 | @ay z 000yy | |
| 106 | @ar | |
| 200 | 10 | @a集合与数@Aji he yu shu@f北京教育学院师范教研室编 |
| 205 | @a2版 | |
| 210 | @a北京@c北京出版社@d1982 | |
| 215 | @a162页@d19cm | |
| 606 | @a集论 | |
| 606 | @a数 | |
| 606 | 0 | @a教育@x各级 |
| 690 | @aO144@v3 | |
| 690 | @aG633.6@v3 | |
| 701 | 0 | @a北京教育学院师范教研室@Abei jing jiao yu xue yuan shi fan jiao yan shi@4编 |
| 801 | 0 | @aCN@b上海图书馆@c20040429 |
| 801 | 2 | @aCN@bNLC@c20040429 |
| 905 | @dG633.6@e28@f1@b80928 | |
| 集合与数/北京教育学院师范教研室编.-2版.-北京:北京出版社,1982 |
| 162页;19cm |
| ISBN :CNY0.37 |
| ● |
| 相关链接 |
|
|
|
|
正题名:集合与数
索取号:G633.6/28
 
预约/预借
| 序号 | 登录号 | 条形码 | 馆藏地/架位号 | 状态 | 备注 |
| 1 | 0080927 | 000248262 | 密集书库/ [索取号:G633.6/28] | 在馆 | |
| 2 | 0080928 | 001941091 | 密集书库/ [索取号:G633.6/28] | 在馆 | |
| 3 | 0080929 | 000248253 | 第一样本阅览室/ [索取号:G633.6/28] | 在馆 |